000 00481nam a2200181Ia 4500
001 11391
005 20260306162824.0
008 260306t2014||||xx |||||||||||||| ||spa||
041 _aESP
082 _a985.04
_bM26
100 _aMartínez Riaza, Ascensión
_eAUT
245 0 _aLa independencia inconcebible:
_bEspaña y la pérdida del Perú (1820-1824)
260 _c2014
300 _a344 páginas :
_c24 cm.
650 _aGEN
654 _aCHU
942 _cLIB
_dJUS
_fJUS
_2ddc
_n
999 _c11391
_d11391